The Meaning of Military Victory (DNT) (Record no. 217594)
[ view plain ]
| 000 -LEADER | |
|---|---|
| fixed length control field | 00817 a2200169 4500 |
| 003 - CONTROL NUMBER IDENTIFIER | |
| control field | Nust |
| 005 - DATE AND TIME OF LATEST TRANSACTION | |
| control field | 20230302094806.0 |
| 040 ## - CATALOGING SOURCE | |
| Transcribing agency | Nust |
| 082 ## - DEWEY DECIMAL CLASSIFICATION NUMBER | |
| Classification number | 327.17, MAN |
| 100 ## - MAIN ENTRY--PERSONAL NAME | |
| Personal name | Mandel, Robert |
| 9 (RLIN) | 1835 |
| 245 ## - TITLE STATEMENT | |
| Title | The Meaning of Military Victory (DNT) |
| Statement of responsibility, etc. | Robert Mandel |
| 260 ## - PUBLICATION, DISTRIBUTION, ETC. | |
| Place of publication, distribution, etc. | Services Book Club |
| Name of publisher, distributor, etc. | Rawalpindi |
| Date of publication, distribution, etc. | 2009 |
| 300 ## - PHYSICAL DESCRIPTION | |
| Extent | 189 p |
| 505 ## - FORMATTED CONTENTS NOTE | |
| Formatted contents note | Introduction: Military Victory and Strategies Victory (Page-1), Modern Victory in Historical Context (Page-35), morality and Victory (Page-53), Misconceptions surrounding Victory (Page-75), Victory in recent War? (Page-97), Victory Challenges in Contemporary Warfare (Page-115), Special Victory Challenges in Unconventional Wars (Page-131), Conclusion: Managing Strategies Victory (Page-161). |
| 650 ## - SUBJECT ADDED ENTRY--TOPICAL TERM | |
| Topical term or geographic name entry element | Meaning of Military Victory |
| 9 (RLIN) | 1836 |
| 942 ## - ADDED ENTRY ELEMENTS (KOHA) | |
| Source of classification or shelving scheme | |
| Koha item type | Book |
| Withdrawn status | Lost status | Source of classification or shelving scheme | Damaged status | Not for loan | Permanent Location | Current Location | Shelving location | Date acquired | Full call number | Barcode | Date last seen | Price effective from | Koha item type | Public note |
|---|---|---|---|---|---|---|---|---|---|---|---|---|---|---|
| Military College of Signals (MCS) | Military College of Signals (MCS) | General Stacks | 12/12/2016 | 327.17,MAN | MCS37369 | 12/08/2016 | 12/12/2016 | Book | Almirah No.50, Shelf No.1 |
